[Event "Europa ch 2014"]
[Site "Yerevan ARM"]
[Date "2014.03.10"]
[Round "7.36"]
[White "Savchenko, Boris"]
[Black "Khismatullin, Denis"]
[Result "1-0"]
[WhiteElo "2560"]
[BlackElo "2714"]
[PlyCount "77"]
[EventDate "2014.03.03"]
[EventType "swiss"]
[EventRounds "11"]
[EventCountry "ARM"]
[Source "lmi"]
[SourceDate "2014.03.02"]

1. e4 c5 2. Na3 g6 3. h4 Nf6 4. e5 Nh5 5. Nf3 Nc6 6. c3 d5 7. exd6 Bg4 8. d4
cxd4 9. Nb5 exd6 10. Nbxd4 Bg7 11. Qa4 O-O 12. Nxc6 Qe8+ 13. Be3 Bxf3 14. gxf3
bxc6 15. O-O-O Qd7 16. Bc4 Qc7 17. f4 d5 18. Bb3 Rfe8 19. f5 Be5 20. Kb1 Bf4
21. Bd4 Qd6 22. Rhe1 Reb8 23. Qa6 Qd7 24. Ba4 Rc8 25. Ka1 Rab8 26. f6 Bd6 27.
c4 Bb4 28. Re3 Qg4 29. c5 Nf4 30. a3 Ne6 31. f3 Qf5 32. axb4 Nxd4 33. Rxd4 Qxf6
34. Red3 Kg7 35. Ka2 Rc7 36. Rd2 h5 37. Qd3 Rcb7 38. Qc3 Kg8 39. Re2 1-0

[Event "Europa ch 2014"]
[Site "Yerevan ARM"]
[Date "2014.03.10"]
[Round "7.37"]
[White "Almasi, Zoltan"]
[Black "Prizant, Jaroslav"]
[Result "1-0"]
[WhiteElo "2704"]
[BlackElo "2534"]
[PlyCount "79"]
[EventDate "2014.03.03"]
[EventType "swiss"]
[EventRounds "11"]
[EventCountry "ARM"]
[Source "lmi"]
[SourceDate "2014.03.02"]

1. e4 e6 2. d4 d5 3. Nc3 Bb4 4. e5 Ne7 5. a3 Bxc3+ 6. bxc3 c5 7. h4 Qc7 8. h5
cxd4 9. cxd4 Qc3+ 10. Bd2 Qxd4 11. Nf3 Qe4+ 12. Be2 Nf5 13. O-O Nc6 14. Re1
Nfd4 15. Nxd4 Qxd4 16. Bb5 Bd7 17. Rb1 f5 18. h6 g6 19. c3 Qc5 20. c4 dxc4 21.
Be3 Qe7 22. Bxc4 b6 23. Qd2 O-O 24. Bg5 Qe8 25. Red1 Rf7 26. Qa2 Nxe5 27. Rxd7
Nxd7 28. Bxe6 Nc5 29. Bd5 Rc8 30. Qa1 Qf8 31. Re1 Ne4 32. Bf4 g5 33. Bxg5 Nxg5
34. Qf6 Ne4 35. Qxf5 Nd6 36. Qf6 Re8 37. Rc1 Ne4 38. Qf4 Nd6 39. Rc3 Kh8 40.
Bxf7 1-0

[Event "Europa ch 2014"]
[Site "Yerevan ARM"]
[Date "2014.03.10"]
[Round "7.39"]
[White "Paichadze, Luka"]
[Black "Grachev, Boris"]
[Result "1/2-1/2"]
[WhiteElo "2529"]
[BlackElo "2675"]
[PlyCount "80"]
[EventDate "2014.03.03"]
[EventType "swiss"]
[EventRounds "11"]
[EventCountry "ARM"]
[Source "lmi"]
[SourceDate "2014.03.02"]

1. e4 c5 2. Nf3 e6 3. c4 Nc6 4. Nc3 e5 5. a3 d6 6. b4 b6 7. d3 Be7 8. Be2 Nf6
9. b5 Nd4 10. Bg5 Ne6 11. Bd2 O-O 12. O-O Ne8 13. Ne1 Nd4 14. Nc2 Nc7 15. a4 a5
16. Nxd4 cxd4 17. Nd5 Nxd5 18. cxd5 Bd7 19. Rc1 Rc8 20. Bg4 Rxc1 21. Bxc1 Bxg4
22. Qxg4 Qc8 23. Qd1 Qc3 24. f4 Bf6 25. g4 exf4 26. Bxf4 Be5 27. Bxe5 dxe5 28.
g5 Qa3 29. h4 f6 30. gxf6 Rxf6 31. Rxf6 gxf6 32. h5 Kf7 33. Kg2 Qc3 34. Qe2 Qc1
35. Qg4 Qd2+ 36. Kg1 Qe1+ 37. Kg2 Qd2+ 38. Kg1 Qe1+ 39. Kg2 Qd2+ 40. Kg1 Qe1+
1/2-1/2

[Event "Europa ch 2014"]
[Site "Yerevan ARM"]
[Date "2014.03.10"]
[Round "7.40"]
[White "Volokitin, Andrei"]
[Black "Oparin, Grigoriy"]
[Result "1-0"]
[WhiteElo "2674"]
[BlackElo "2526"]
[PlyCount "81"]
[EventDate "2014.03.03"]
[EventType "swiss"]
[EventRounds "11"]
[EventCountry "ARM"]
[Source "lmi"]
[SourceDate "2014.03.02"]

1. e4 c5 2. Nf3 d6 3. d4 cxd4 4. Nxd4 Nf6 5. Nc3 Nc6 6. Bg5 Qb6 7. Be3 a6 8. a3
Nxd4 9. Bxd4 Qc6 10. Bxf6 gxf6 11. Nd5 Be6 12. c4 Rg8 13. g3 Bg7 14. Bd3 f5 15.
O-O Kf8 16. Qe2 Bxd5 17. exd5 Qb6 18. Rae1 Bf6 19. Bxf5 Qxb2 20. Bxh7 Rh8 21.
Qd3 b5 22. cxb5 axb5 23. Rb1 Rxa3 24. Rxb2 Rxd3 25. Bxd3 Bxb2 26. Rb1 Bd4 27.
Rxb5 Bc5 28. Rb8+ Kg7 29. Rxh8 Kxh8 30. Kg2 Kg7 31. f4 Bb4 32. g4 Bd2 33. Kf3
f6 34. Bf5 Kf7 35. Ke4 Kg7 36. Bd7 Kg6 37. Be8+ Kg7 38. Kf5 Kf8 39. Bd7 Kg7 40.
g5 fxg5 41. fxg5 1-0

[Event "Europa ch 2014"]
[Site "Yerevan ARM"]
[Date "2014.03.10"]
[Round "7.42"]
[White "Sutovsky, Emil"]
[Black "Sipila, Vilka"]
[Result "1-0"]
[WhiteElo "2652"]
[BlackElo "2457"]
[PlyCount "49"]
[EventDate "2014.03.03"]
[EventType "swiss"]
[EventRounds "11"]
[EventCountry "ARM"]
[Source "lmi"]
[SourceDate "2014.03.02"]

1. e4 Nc6 2. Nf3 e6 3. d4 d5 4. e5 f6 5. Bb5 Bd7 6. Qe2 Nge7 7. O-O fxe5 8.
Bxc6 Nxc6 9. Nxe5 Qf6 10. Nxc6 Bxc6 11. Nd2 Bd6 12. Re1 Bd7 13. Qh5+ g6 14. Qh6
Qxd4 15. Nf3 Qg4 16. h3 Qf5 17. Bg5 Bf8 18. Qh4 Bg7 19. Qb4 Bf8 20. Qxb7 Rc8
21. Nd4 Qxg5 22. Nxe6 Qf6 23. Qxd5 Be7 24. Rad1 Qf7 25. Qxd7# 1-0

[Event "Europa ch 2014"]
[Site "Yerevan ARM"]
[Date "2014.03.10"]
[Round "7.43"]
[White "Petrosian, Tigran L"]
[Black "Lie, Kjetil A"]
[Result "0-1"]
[WhiteElo "2639"]
[BlackElo "2509"]
[PlyCount "76"]
[EventDate "2014.03.03"]
[EventType "swiss"]
[EventRounds "11"]
[EventCountry "ARM"]
[Source "lmi"]
[SourceDate "2014.03.02"]

1. Nf3 Nf6 2. g3 g6 3. Bg2 Bg7 4. c4 O-O 5. Nc3 d6 6. O-O e5 7. d3 Re8 8. Bg5
h6 9. Bxf6 Bxf6 10. Nd2 c6 11. b4 Be6 12. Nb3 Nd7 13. Qd2 Kg7 14. b5 Rc8 15.
Rab1 Be7 16. Qe3 cxb5 17. Nxb5 a6 18. Nc3 Bg5 19. Qa7 b5 20. Qxa6 bxc4 21. dxc4
Qb6 22. Qa3 Be7 23. Bd5 Nf6 24. c5 dxc5 25. Nd2 Qb4 26. Rxb4 cxb4 27. Qa5 bxc3
28. Bxe6 Rc5 29. Qb4 cxd2 30. Bb3 Rd8 31. Rd1 Nd5 32. Bxd5 Rdxd5 33. Qb2 Rb5
34. Qc2 Bb4 35. e3 Rdc5 36. Qa4 Rc1 37. Qxb5 Rxd1+ 38. Kg2 Bc3 0-1

[Event "Europa ch 2014"]
[Site "Yerevan ARM"]
[Date "2014.03.10"]
[Round "7.44"]
[White "Stukopin, Andrey"]
[Black "Postny, Evgeny"]
[Result "1/2-1/2"]
[WhiteElo "2544"]
[BlackElo "2635"]
[PlyCount "81"]
[EventDate "2014.03.03"]
[EventType "swiss"]
[EventRounds "11"]
[EventCountry "ARM"]
[Source "lmi"]
[SourceDate "2014.03.02"]

1. Nf3 Nf6 2. g3 b5 3. Bg2 Bb7 4. O-O e6 5. b3 d6 6. c4 b4 7. d4 Nbd7 8. a3 a5
9. Bb2 Be7 10. Nbd2 O-O 11. Qc2 c5 12. dxc5 Nxc5 13. axb4 axb4 14. Ng5 Bxg2 15.
Kxg2 h6 16. Nge4 Nfd7 17. Nxc5 Nxc5 18. Ne4 f5 19. Nxc5 dxc5 20. f3 Qc7 21.
Rxa8 Rxa8 22. Ra1 Rxa1 23. Bxa1 Kf7 24. Qd3 Bf6 25. Bxf6 Kxf6 26. Kf2 Ke7 27.
f4 Qc6 28. Qf3 Qd6 29. Qd3 g6 30. Qxd6+ Kxd6 31. h4 e5 32. e3 Ke6 33. Kg2 Kf6
34. Kh1 g5 35. h5 exf4 36. gxf4 gxf4 37. exf4 Kf7 38. Kh2 Ke7 39. Kg2 Kd7 40.
Kf3 Kc6 41. Ke3 1/2-1/2

[Event "Europa ch 2014"]
[Site "Yerevan ARM"]
[Date "2014.03.10"]
[Round "7.45"]
[White "Ivanisevic, Ivan"]
[Black "Alekseenko, Kirill"]
[Result "1/2-1/2"]
[WhiteElo "2633"]
[BlackElo "2461"]
[PlyCount "235"]
[EventDate "2014.03.03"]
[EventType "swiss"]
[EventRounds "11"]
[EventCountry "ARM"]
[Source "lmi"]
[SourceDate "2014.03.02"]

1. d4 d5 2. c4 dxc4 3. e3 e5 4. Bxc4 exd4 5. exd4 Bd6 6. Nf3 Nf6 7. O-O O-O 8.
Bg5 Nc6 9. h3 h6 10. Bh4 g5 11. Bg3 Bxg3 12. fxg3 Be6 13. Bxe6 fxe6 14. Nc3 Qd6
15. Nb5 Qxg3 16. Qe1 Qxe1 17. Raxe1 Nd5 18. Rxe6 a6 19. Nc3 Nf4 20. Re4 Rae8
21. Kh2 Rxe4 22. Nxe4 Nd5 23. Nc3 Rd8 24. Re1 Kf7 25. h4 g4 26. Ne5+ Nxe5 27.
Rxe5 Nf6 28. d5 Rd6 29. Kg3 Rb6 30. Ne4 Nd7 31. Re6 Rb4 32. b3 Rd4 33. Kf2 Nf8
34. Ke3 Rxd5 35. Rxh6 Rf5 36. Nf2 g3 37. Ne4 Kg7 38. Nxg3 Ra5 39. Rh5 Rxa2 40.
Rg5+ Kf7 41. Ne4 Ne6 42. Rf5+ Ke7 43. Re5 Kf7 44. g4 Ra3 45. Nd2 a5 46. Rb5 a4
47. Rxb7 axb3 48. Nxb3 Ra4 49. Kf3 Ra3 50. Kf2 Ra4 51. Kg3 Ra3 52. g5 Nd4 53.
Rxc7+ Ke6 54. Kg4 Rxb3 55. Rc4 Kd5 56. Rc8 Rb4 57. g6 Ne6+ 58. Kh5 Ke5 59. Rc1
Rf4 60. Ra1 Rb4 61. Re1+ Kf6 62. Rf1+ Kg7 63. Rf7+ Kg8 64. Re7 Ng7+ 65. Kg5
Rb5+ 66. Kg4 Nh5 67. Rf7 Ng7 68. Re7 Nf5 69. Rd7 Nh6+ 70. Kf4 Rf5+ 71. Kg3 Ra5
72. Kf4 Nf5 73. Kg4 Ne3+ 74. Kf4 Nd5+ 75. Kf3 Ra3+ 76. Kf2 Nf4 77. Re7 Nxg6 78.
Re4 Kg7 79. Re3 Ra4 80. h5 Nf4 81. Kf3 Nxh5 82. Rb3 Nf4 83. Rb6 Kf7 84. Rd6 Ne6
85. Rb6 Kf6 86. Ke3 Rc4 87. Kd3 Rd4+ 88. Ke3 Ra4 89. Kd3 Ke5 90. Rb5+ Kf4 91.
Rh5 Rd4+ 92. Kc3 Rd6 93. Kc4 Ke4 94. Rh4+ Nf4 95. Kc5 Rg6 96. Rh8 Nd3+ 97. Kc4
Ne5+ 98. Kc5 Rc6+ 99. Kb5 Rc7 100. Rh1 Nf3 101. Kb4 Kd5 102. Rh5+ Kd4 103. Kb5
Rc1 104. Kb6 Ne5 105. Rh4+ Kd5 106. Rh5 Rc2 107. Kb7 Rf2 108. Kb6 Rf7 109. Rg5
Kd4 110. Rg1 Nc4+ 111. Kc6 Rf6+ 112. Kd7 Nb6+ 113. Ke7 Nd5+ 114. Kd7 Ne3 115.
Ke7 Ke5 116. Re1 Rf3 117. Re2 Rh3 118. Kd7 1/2-1/2

[Event "Europa ch 2014"]
[Site "Yerevan ARM"]
[Date "2014.03.10"]
[Round "7.46"]
[White "Potkin, Vladimir"]
[Black "Melia, Salome"]
[Result "1/2-1/2"]
[WhiteElo "2625"]
[BlackElo "2453"]
[PlyCount "152"]
[EventDate "2014.03.03"]
[EventType "swiss"]
[EventRounds "11"]
[EventCountry "ARM"]
[Source "lmi"]
[SourceDate "2014.03.02"]

1. d4 Nf6 2. c4 e6 3. Nf3 d5 4. Nc3 c5 5. e3 cxd4 6. exd4 Bb4 7. cxd5 exd5 8.
Bd3 O-O 9. Ne5 Nc6 10. O-O h6 11. Nxc6 bxc6 12. Bf4 Bd6 13. Qd2 Bxf4 14. Qxf4
Nh5 15. Qd2 Qf6 16. Rfe1 Nf4 17. Bf1 Ba6 18. g3 Bxf1 19. Qxf4 Qxf4 20. gxf4 Bh3
21. Re3 Bf5 22. Na4 Rab8 23. b3 Rfd8 24. f3 Rd6 25. Kf2 Rg6 26. Nc5 Bh3 27. Rg1
Rxg1 28. Kxg1 Rb4 29. Rd3 Bf5 30. Rd1 f6 31. Kf2 Kf7 32. h4 Rb8 33. Rc1 h5 34.
a3 Ke7 35. b4 Kd6 36. Nb3 Re8 37. Na5 Bd7 38. Nb7+ Kc7 39. Nc5 Bc8 40. a4 Kd6
41. b5 cxb5 42. axb5 Re7 43. Na6 Bxa6 44. Rc6+ Kd7 45. Rxa6 Ke8 46. Rc6 Rb7 47.
Rc5 Rd7 48. f5 Ke7 49. Ke3 Kf7 50. Kf4 Ke7 51. Ke3 Kf7 52. Kf2 Ke8 53. Ke2 Kf7
54. Ke3 Ke7 55. Kd3 Kf7 56. f4 g6 57. Kc3 gxf5 58. Kb4 Kg6 59. Rc1 Re7 60. Rg1+
Kf7 61. Kc5 Re4 62. Ra1 Rxf4 63. Rxa7+ Kg6 64. b6 Rf1 65. b7 Rb1 66. Kxd5 f4
67. Ke4 Rb4 68. Ra1 Rxb7 69. Kxf4 Rb2 70. Rd1 Kf7 71. d5 Ke7 72. Kf5 Rb4 73.
Re1+ Kd6 74. Re4 Rxe4 75. Kxe4 f5+ 76. Kxf5 Kxd5 1/2-1/2

[Event "Europa ch 2014"]
[Site "Yerevan ARM"]
[Date "2014.03.10"]
[Round "7.48"]
[White "Rozum, Ivan"]
[Black "Ipatov, Alexander"]
[Result "1-0"]
[WhiteElo "2505"]
[BlackElo "2614"]
[PlyCount "69"]
[EventDate "2014.03.03"]
[EventType "swiss"]
[EventRounds "11"]
[EventCountry "ARM"]
[Source "lmi"]
[SourceDate "2014.03.02"]

1. d4 g6 2. e4 Bg7 3. Nf3 c5 4. d5 d6 5. c4 Nf6 6. Nc3 O-O 7. h3 e6 8. Bd3 Na6
9. Bg5 Nc7 10. dxe6 Nxe6 11. Be3 b6 12. O-O Bb7 13. Qd2 Re8 14. Rfe1 Nd7 15.
Rad1 Nd4 16. Bxd4 cxd4 17. Ne2 Nc5 18. Ng3 Be5 19. Bb1 Bxg3 20. fxg3 Nxe4 21.
Qf4 Nc5 22. Nxd4 Re5 23. Rxe5 dxe5 24. Qxe5 Qd7 25. Bc2 Re8 26. Qf6 Ne4 27.
Bxe4 Bxe4 28. b3 Ba8 29. Kh2 Qb7 30. Rd2 a6 31. h4 Qc7 32. Rf2 Re5 33. Re2 Be4
34. Qf4 f5 35. Nc6 1-0

[Event "Europa ch 2014"]
[Site "Yerevan ARM"]
[Date "2014.03.10"]
[Round "7.49"]
[White "Aghasaryan, Robert"]
[Black "Volkov, Sergey"]
[Result "1-0"]
[WhiteElo "2503"]
[BlackElo "2610"]
[PlyCount "117"]
[EventDate "2014.03.03"]
[EventType "swiss"]
[EventRounds "11"]
[EventCountry "ARM"]
[Source "lmi"]
[SourceDate "2014.03.02"]

1. d4 d5 2. c4 c6 3. Nf3 Nf6 4. Qc2 g6 5. Bf4 dxc4 6. Qxc4 Be6 7. Qc2 Bf5 8.
Qb3 Qb6 9. Nbd2 Nbd7 10. e3 Qxb3 11. Nxb3 Nd5 12. Bg3 Nb4 13. Kd2 Nf6 14. a3
Ne4+ 15. Kd1 Nd5 16. Nfd2 Bg4+ 17. Ke1 Nxg3 18. hxg3 Bg7 19. Nc4 b6 20. Rc1 Be6
21. Ncd2 Bd7 22. e4 Nf6 23. f4 a5 24. e5 Nd5 25. Nf3 O-O 26. Bd3 Rfd8 27. Ke2
Be8 28. Rhd1 h6 29. Nbd2 Bf8 30. Nc4 e6 31. Nfd2 b5 32. Ne3 b4 33. Nec4 bxa3
34. bxa3 Nc7 35. Ne4 Nb5 36. Nf6+ Kh8 37. Nxe8 Rxe8 38. Be4 Ra6 39. a4 Nc7 40.
Ne3 Nd5 41. Bxd5 exd5 42. Rb1 Bb4 43. Kd3 Kg7 44. Rdc1 f6 45. exf6+ Kxf6 46.
Ng4+ Ke6 47. Nxh6 g5 48. fxg5 Re7 49. Rf1 Rg7 50. Rf6+ Kd7 51. g6 Be7 52. Rb7+
Kc8 53. Rxe7 Rxe7 54. Rf7 Re8 55. g7 c5 56. Rf8 c4+ 57. Kc3 Rae6 58. Rxe8+ Rxe8
59. g8=Q 1-0

[Event "Europa ch 2014"]
[Site "Yerevan ARM"]
[Date "2014.03.10"]
[Round "7.50"]
[White "Zhigalko, Andrey"]
[Black "Kalashian, David"]
[Result "1/2-1/2"]
[WhiteElo "2603"]
[BlackElo "2380"]
[PlyCount "149"]
[EventDate "2014.03.03"]
[EventType "swiss"]
[EventRounds "11"]
[EventCountry "ARM"]
[Source "lmi"]
[SourceDate "2014.03.02"]

1. c4 Nf6 2. Nc3 e6 3. e4 d5 4. cxd5 exd5 5. e5 Ne4 6. Nf3 Nc6 7. Bb5 Nxc3 8.
dxc3 Bc5 9. Bg5 Qd7 10. O-O O-O 11. Re1 Qe6 12. Qd2 h6 13. Bf4 Ne7 14. Bd3 Qg4
15. h3 Qh5 16. Nd4 Bxd4 17. cxd4 Bf5 18. Bf1 Qg6 19. Rac1 c6 20. Qb4 Qe6 21. b3
Rab8 22. Rc3 Bh7 23. Bd2 Rfd8 24. g4 b6 25. f4 Be4 26. f5 Qd7 27. Qa3 Rbc8 28.
Qc1 Kh7 29. b4 Re8 30. Bg2 Bxg2 31. Kxg2 c5 32. e6 fxe6 33. fxe6 Qb5 34. Qb1+
Kg8 35. bxc5 Qxb1 36. Rxb1 bxc5 37. Rxc5 Rxc5 38. dxc5 Nc6 39. Re1 Nd4 40. e7
Kf7 41. Bc3 Ne6 42. c6 Rxe7 43. Be5 Re8 44. Rb1 Rc8 45. Rb7+ Ke8 46. c7 a6 47.
Ra7 Kd7 48. Rxa6 d4 49. Kf2 Rf8+ 50. Ke1 Re8 51. Rd6+ Kc8 52. Kd1 Nxc7 53. Bxg7
Re3 54. Rxh6 Ne6 55. Bf6 Nf4 56. Bg5 Rd3+ 57. Kc2 Rc3+ 58. Kb2 Nxh3 59. Bf6 Rg3
60. Rh8+ Kb7 61. Rb8+ Kc6 62. a4 Rxg4 63. a5 d3 64. Rb6+ Kd5 65. a6 Ra4 66. Bc3
Kc5 67. Rh6 Nf4 68. Rh4 d2 69. Kc2 Ra2+ 70. Kd1 Nd5 71. Bd4+ Kc4 72. Bg7+ Kc5
73. Bd4+ Kc4 74. Bg7+ Kc5 75. Bd4+ 1/2-1/2

[Event "Europa ch 2014"]
[Site "Yerevan ARM"]
[Date "2014.03.10"]
[Round "7.52"]
[White "Qashashvili, Alexandre"]
[Black "Svetushkin, Dmitry"]
[Result "1-0"]
[WhiteElo "2378"]
[BlackElo "2582"]
[PlyCount "81"]
[EventDate "2014.03.03"]
[EventType "swiss"]
[EventRounds "11"]
[EventCountry "ARM"]
[Source "lmi"]
[SourceDate "2014.03.02"]

1. e4 e5 2. Nf3 Nc6 3. Bb5 a6 4. Ba4 Nf6 5. d3 Bc5 6. O-O d6 7. c3 Ba7 8. Nbd2
O-O 9. Re1 Ng4 10. Re2 f5 11. h3 Nf6 12. exf5 Bxf5 13. Nf1 h6 14. Ng3 Bh7 15.
Be3 Kh8 16. Bxa7 Rxa7 17. Bxc6 bxc6 18. d4 e4 19. Nd2 d5 20. f3 h5 21. fxe4 h4
22. e5 hxg3 23. exf6 Qxf6 24. Nf1 Qd6 25. Re3 c5 26. Nxg3 Rb7 27. b3 a5 28. Qg4
cxd4 29. cxd4 c5 30. Rc1 Qh6 31. Rec3 c4 32. bxc4 Rb2 33. Rf1 Rxf1+ 34. Nxf1
Be4 35. Rg3 Qf6 36. cxd5 Qxd4+ 37. Kh2 Qe5 38. Ne3 Rxa2 39. d6 Rd2 40. d7 Kg8
41. Qh4 1-0

[Event "Europa ch 2014"]
[Site "Yerevan ARM"]
[Date "2014.03.10"]
[Round "7.54"]
[White "Nuber, Blasius"]
[Black "Jianu, Vlad-Cristian"]
[Result "0-1"]
[WhiteElo "2359"]
[BlackElo "2574"]
[PlyCount "44"]
[EventDate "2014.03.03"]
[EventType "swiss"]
[EventRounds "11"]
[EventCountry "ARM"]
[Source "lmi"]
[SourceDate "2014.03.02"]

1. e4 e6 2. d4 d5 3. Nd2 c5 4. exd5 Qxd5 5. Ngf3 cxd4 6. Bc4 Qd6 7. O-O Nf6 8.
Nb3 Nc6 9. Nbxd4 Nxd4 10. Nxd4 a6 11. b3 Be7 12. Bb2 O-O 13. Qe2 e5 14. Nf3 e4
15. Ng5 Ng4 16. f4 Bxg5 17. Rad1 Qh6 18. h3 Bxf4 19. Qxe4 Be3+ 20. Kh1 Nf2+ 21.
Rxf2 Bxf2 22. Qf3 Bc5 0-1

[Event "Europa ch 2014"]
[Site "Yerevan ARM"]
[Date "2014.03.10"]
[Round "7.55"]
[White "Petrosyan, Manuel"]
[Black "Ter-Sahakyan, Samvel"]
[Result "1/2-1/2"]
[WhiteElo "2336"]
[BlackElo "2572"]
[PlyCount "83"]
[EventDate "2014.03.03"]
[EventType "swiss"]
[EventRounds "11"]
[EventCountry "ARM"]
[Source "lmi"]
[SourceDate "2014.03.02"]

1. d4 Nf6 2. c4 e6 3. Nc3 d5 4. Nf3 c6 5. e3 Nbd7 6. Qc2 Bd6 7. Bd3 O-O 8. O-O
dxc4 9. Bxc4 e5 10. h3 h6 11. b3 Qc7 12. Bb2 exd4 13. Nxd4 Ne5 14. Be2 Re8 15.
Rac1 a6 16. Rfd1 Bd7 17. Qb1 Rad8 18. Na4 Bc8 19. Nf5 Bf8 20. Bd4 Nd5 21. Ng3
Ba3 22. Rc2 Qe7 23. Qa1 Bd6 24. Nb6 Nxb6 25. Bxb6 Bc7 26. Bxc7 Qxc7 27. Rcd2
Rxd2 28. Rxd2 Be6 29. Qd1 Nd7 30. Nh5 Bd5 31. Nf4 Nf6 32. Nxd5 Nxd5 33. Bc4 Nf6
34. b4 Re7 35. Rd8+ Re8 36. Rd4 b5 37. Bb3 a5 38. a3 a4 39. Ba2 c5 40. bxc5
Qxc5 41. Rb4 Rc8 42. Qb1 1/2-1/2

[Event "Europa ch 2014"]
[Site "Yerevan ARM"]
[Date "2014.03.10"]
[Round "7.57"]
[White "Kreisl, Robert"]
[Black "Korobov, Anton"]
[Result "0-1"]
[WhiteElo "2437"]
[BlackElo "2719"]
[PlyCount "56"]
[EventDate "2014.03.03"]
[EventType "swiss"]
[EventRounds "11"]
[EventCountry "ARM"]
[Source "lmi"]
[SourceDate "2014.03.02"]

1. Nf3 g6 2. e4 Bg7 3. d4 d6 4. Bc4 Nf6 5. Qe2 c6 6. Bb3 O-O 7. O-O a5 8. a4
Nbd7 9. Rd1 Qc7 10. e5 dxe5 11. dxe5 Nd5 12. Bxd5 cxd5 13. Bf4 b6 14. Nc3 e6
15. Qe3 Qc5 16. Nd4 Ba6 17. Ra3 Bc4 18. Bh6 Bxe5 19. Bxf8 Rxf8 20. Nb1 Qc7 21.
Qh6 Bg7 22. Qh4 e5 23. Nf3 d4 24. Nbd2 Be2 25. Re1 Bxf3 26. Rxf3 Qxc2 27. Rh3
h6 28. Nf1 Nc5 0-1

[Event "Europa ch 2014"]
[Site "Yerevan ARM"]
[Date "2014.03.10"]
[Round "7.58"]
[White "Petrosian, Davit G"]
[Black "Malakhov, Vladimir"]
[Result "0-1"]
[WhiteElo "2431"]
[BlackElo "2717"]
[PlyCount "150"]
[EventDate "2014.03.03"]
[EventType "swiss"]
[EventRounds "11"]
[EventCountry "ARM"]
[Source "lmi"]
[SourceDate "2014.03.02"]

1. e4 g6 2. d4 Bg7 3. Nc3 d6 4. f4 a6 5. Nf3 b5 6. Bd3 Nd7 7. e5 Bb7 8. Qe2 Nh6
9. e6 fxe6 10. Ng5 Nf8 11. Bxb5+ c6 12. Bc4 d5 13. Bb3 Nf5 14. Be3 Nxd4 15.
Bxd4 Bxd4 16. O-O-O Bxc3 17. bxc3 Qd6 18. Qe3 a5 19. Kb2 a4 20. Bc4 Bc8 21. Ka1
Nd7 22. Qxe6 Qxf4 23. Rhf1 Qxg5 24. Qxc6 Rb8 25. Rxd5 Qe3 26. Bb5 Qb6 27. Qxc8+
Rxc8 28. Bxd7+ Kd8 29. Bxa4+ Kc7 30. Rd7+ Kb8 31. Rb1 Qxb1+ 32. Kxb1 Rc7 33.
Rd2 e5 34. Re2 Rc5 35. Kc1 Kc7 36. Bb3 Rd8 37. a4 Rd6 38. Re4 h5 39. Bc4 Rf6
40. Be2 Rf4 41. Re3 h4 42. g3 Rxa4 43. Kd2 g5 44. c4 Ra6 45. gxh4 gxh4 46. Re4
Rh6 47. Kc3 Kd6 48. Re3 Rc8 49. Rd3+ Kc7 50. Bf3 Rf8 51. c5 Rhf6 52. Be4 Rf2
53. c6 Rd8 54. Rh3 Rf4 55. Re3 Rd4 56. Bd3 Rd5 57. Kb3 Kd6 58. c4 Rdd4 59. Kc3
Rf2 60. c7 Kxc7 61. Rxe5 Rd8 62. Rc5+ Kb6 63. Rb5+ Ka6 64. Rb1 Rf3 65. Rd1 Kb6
66. Kc2 Kc5 67. Be2 Rxd1 68. Kxd1 Rh3 69. Ke1 Rxh2 70. Kf1 Kd4 71. Bf3 Ke3 72.
Bb7 Rc2 73. Bc8 Rf2+ 74. Kg1 Kf3 75. c5 Kg3 0-1

[Event "Europa ch 2014"]
[Site "Yerevan ARM"]
[Date "2014.03.10"]
[Round "7.59"]
[White "Berchtenbreiter, Maximilian"]
[Black "Socko, Bartosz"]
[Result "0-1"]
[WhiteElo "2421"]
[BlackElo "2654"]
[PlyCount "74"]
[EventDate "2014.03.03"]
[EventType "swiss"]
[EventRounds "11"]
[EventCountry "ARM"]
[Source "lmi"]
[SourceDate "2014.03.02"]

1. d4 Nf6 2. c4 e6 3. Nf3 d5 4. Nc3 c5 5. cxd5 Nxd5 6. e4 Nxc3 7. bxc3 cxd4 8.
cxd4 Bb4+ 9. Bd2 Bxd2+ 10. Qxd2 O-O 11. Bc4 Nd7 12. O-O b6 13. Rfe1 Bb7 14.
Rad1 Rc8 15. Bb3 Qf6 16. h3 Rfd8 17. Qe3 h6 18. Rd2 Qe7 19. Qf4 Rc3 20. d5 exd5
21. Bxd5 Bxd5 22. Rxd5 Nf8 23. Qd2 Rdc8 24. Nd4 Ne6 25. Nf5 Qf6 26. Rd7 Rc2 27.
Qd5 Kh7 28. Rxa7 g6 29. Ne3 Qxf2+ 30. Kh2 Rc1 31. Re2 Qf4+ 32. g3 Qf3 33. Rg2
Ng5 34. h4 R8c3 35. Ng4 R3c2 36. Ne3 Rxg2+ 37. Nxg2 Rc2 0-1

[Event "Europa ch 2014"]
[Site "Yerevan ARM"]
[Date "2014.03.10"]
[Round "7.61"]
[White "Nakar, Eylon"]
[Black "Oleksienko, Mikhailo"]
[Result "0-1"]
[WhiteElo "2409"]
[BlackElo "2640"]
[PlyCount "76"]
[EventDate "2014.03.03"]
[EventType "swiss"]
[EventRounds "11"]
[EventCountry "ARM"]
[Source "lmi"]
[SourceDate "2014.03.02"]

1. e4 c5 2. Nf3 d6 3. Bb5+ Nd7 4. O-O Ngf6 5. Re1 a6 6. Bd3 b5 7. c4 bxc4 8.
Bxc4 Nb6 9. Bb3 e5 10. d4 cxd4 11. Ng5 Ra7 12. f4 Bg4 13. Qd3 h6 14. Nxf7 Rxf7
15. Bxf7+ Kxf7 16. Qxa6 Be7 17. Nd2 Qc7 18. a4 Ra8 19. Qd3 Kf8 20. b3 Qc3 21.
Qxc3 dxc3 22. Nb1 c2 23. Nc3 d5 24. h3 Bb4 25. Ba3 Bxa3 26. Rxa3 Nxe4 27. Nxe4
Bd1 28. Ra1 dxe4 29. fxe5 Nd7 30. Raxd1 cxd1=Q 31. Rxd1 Nc5 32. Rd4 Nxb3 33.
Rxe4 Nc5 34. Rf4+ Ke7 35. Rg4 Kf7 36. Kh2 Rxa4 37. e6+ Kf6 38. e7 Ra8 0-1

[Event "Europa ch 2014"]
[Site "Yerevan ARM"]
[Date "2014.03.10"]
[Round "7.62"]
[White "Pantsulaia, Levan"]
[Black "Chibukhchian, Artur"]
[Result "1/2-1/2"]
[WhiteElo "2606"]
[BlackElo "2446"]
[PlyCount "112"]
[EventDate "2014.03.03"]
[EventType "swiss"]
[EventRounds "11"]
[EventCountry "ARM"]
[Source "lmi"]
[SourceDate "2014.03.02"]

1. c4 e5 2. Nc3 Nf6 3. Nf3 Nc6 4. a3 g6 5. d4 exd4 6. Nxd4 Bg7 7. Bg5 h6 8. Bh4
O-O 9. e3 Nxd4 10. Qxd4 g5 11. Bg3 d5 12. O-O-O Be6 13. Qc5 c6 14. cxd5 cxd5
15. Kb1 Rc8 16. Qxa7 Rxc3 17. bxc3 Ne4 18. Rd4 Qc8 19. Qa5 Nxc3+ 20. Ka1 Bxd4
21. exd4 Bf5 22. Bc7 Nd1 23. f3 Ne3 24. h4 Nc2+ 25. Kb2 Nxd4 26. Qc3 Ne6 27.
Be5 Qxc3+ 28. Bxc3 d4 29. Bb4 Rc8 30. g4 Bh7 31. hxg5 hxg5 32. Rh2 Nf4 33. Be7
Rc6 34. a4 Rb6+ 35. Bb5 Bd3 36. Bc5 Re6 37. Bxd4 f6 38. Kb3 Bxb5 39. axb5 Kg7
40. Rc2 Re7 41. Rc8 Rd7 42. Kc4 Ne6 43. Bc3 Kf7 44. Rh8 Kg7 45. Rh2 Rc7+ 46.
Kb4 Rd7 47. Ra2 Kf7 48. Ra8 Nf4 49. Ba1 Nd3+ 50. Ka5 Ne1 51. Kb6 Nxf3 52. Ra7
Ne5 53. Rxb7 Nc4+ 54. Kc6 Rxb7 55. Kxb7 Nd6+ 56. Kc6 Nxb5 1/2-1/2

[Event "Europa ch 2014"]
[Site "Yerevan ARM"]
[Date "2014.03.10"]
[Round "7.64"]
[White "Golod, Vitali"]
[Black "Petrosyan, Tigran S"]
[Result "1-0"]
[WhiteElo "2573"]
[BlackElo "2425"]
[PlyCount "83"]
[EventDate "2014.03.03"]
[EventType "swiss"]
[EventRounds "11"]
[EventCountry "ARM"]
[Source "lmi"]
[SourceDate "2014.03.02"]

1. d4 d5 2. c4 c6 3. Nf3 Nf6 4. e3 Bg4 5. h3 Bh5 6. Nc3 e6 7. g4 Bg6 8. Ne5
Nbd7 9. Nxg6 hxg6 10. Qf3 Bb4 11. Bd3 g5 12. Bd2 Qe7 13. O-O-O O-O-O 14. Kb1 g6
15. a3 Bxc3 16. Bxc3 e5 17. Ba5 Rde8 18. Qg3 Qe6 19. Rc1 Kb8 20. cxd5 Qxd5 21.
Bb4 c5 22. Bc3 c4 23. Bc2 Ne4 24. Bxe4 Qxe4+ 25. Ka2 f6 26. Rhd1 Ka8 27. dxe5
Nxe5 28. Rd6 Rhf8 29. Rd4 Qc6 30. Bb4 Rh8 31. f4 Nd7 32. fxg5 fxg5 33. Rcxc4
Qe6 34. Qd6 Ne5 35. Qxe6 Rxe6 36. Re4 a5 37. Bc3 Nxc4 38. Rxe6 Rxh3 39. Bd4 Kb8
40. Rxg6 Nxe3 41. Bb6 Kc8 42. Rd6 1-0